Forest meteorology; អាកាសធាតុវិទ្យាព្រៃឈើ (Record no. 9217)

000 -LEADER
fixed length control field 00320nam a22001217a 4500
040 ## - CATALOGING SOURCE
Transcribing agency SK
082 ## - DEWEY DECIMAL CLASSIFICATION NUMBER
Classification number 880
100 ## - MAIN ENTRY--AUTHOR NAME
Personal name VON MONIN; វន មុនិន្ទ
245 ## - TITLE STATEMENT
Title Forest meteorology; អាកាសធាតុវិទ្យាព្រៃឈើ
260 ## - PUBLICATION, DISTRIBUTION, ETC. (IMPRINT)
Place of publication RUA
Name of publisher VON
Year of publication 2010
300 ## - PHYSICAL DESCRIPTION
Number of Pages 41p.
942 ## - ADDED ENTRY ELEMENTS (KOHA)
Koha item type សៀវភៅភាសាខ្មែរ
952 ## - LOCATION AND ITEM INFORMATION (KOHA)
Withdrawn status [LOCAL, KOHA] 0
952 ## - LOCATION AND ITEM INFORMATION (KOHA)
Withdrawn status [LOCAL, KOHA] 0
Holdings
Permanent Location Date acquired Koha item type Lost status Shelving location Barcode Current Location Full call number
Library Block C2016-08-26សៀវភៅភាសាខ្មែរ C329RUA44166Library Block C880 VON 2010 C329
Library Block C2016-08-30សៀវភៅភាសាខ្មែរ C329RUA44021Library Block C880 វន 2010 C329
មជ្ឈមណ្ឌលឯការនៃសាកលវិទ្យាល័យភូមិន្ទកសិកម្មចំការដូង

Powered by Koha